000
00330 a2200157 4500
001
154084
040
_c
Escola São Tomás de Aquino
100
_a
NAVA, Pedro
240
1
0
_a
Beira -mar
_l
por
245
1
0
_a
Beira -mar
300
_a
487
362
0
_a
2003
440
1
_a
Ateliê
697
_a
LITERATURA BRASILEIRA
942
_c
BK
999
_c
154084
_d
154084